| 000 | 00000nam 2200000za 4500 |
| 001 | 9.828774 |
| 003 | CaOODSP |
| 005 | 20221107145126 |
| 007 | cr ||||||||||| |
| 008 | 161207s2016 quc o f00| 0 eng d |
| 020 | |a978-0-660-07023-0 |
| 040 | |aCaOODSP|beng |
| 043 | |an-cn--- |
| 086 | 1 |aEn4-294/2016E-PDF |
| 245 | 00|aPan-Canadian Framework on Clean Growth and Climate Change |h[electronic resource] : |bCanada's plan to address climate change and grow the economy. |
| 260 | |aGatineau, Quebec : |bEnvironment and Climate Change Canada, |c2016. |
| 300 | |a78 p. |
| 500 | |aIssued also in French under title: Cadre pancanadien sur la croissance propre et les changements climatiques : plan canadien de lutte contre les changements climatiques et de croissance économique. |
| 692 | 07|2gccst|aClimate change |
| 692 | 07|2gccst|aEconomic development |
| 710 | 1 |aCanada. |bEnvironment and Climate Change Canada. |
| 775 | 08|tCadre pancanadien sur la croissance propre et les changements climatiques |w(CaOODSP)9.828776 |
| 856 | 40|qPDF|s2.97 MB|uhttps://publications.gc.ca/collections/collection_2017/eccc/En4-294-2016-eng.pdf |